000 01151nam a22003257a 4500
003 CHAP
005 20220329135104.0
008 971013s1982 r 00010 d
010 _a30744
011 _a31716
035 _a35828
040 _cCHAP
090 _aTesis
100 0 0 _aCortés Ortega, David.
_928381
245 _aEfecto de inhibidores del crecimiento y antitraspirantes sobre algunas características físicas y fisiológicas de naranjo agrio (Citrus aurantium)
260 _aChapingo, Méx. :
_bEl autor,
_c1982
300 _a101 h.
_b; gráfs.
502 _aTesis (M.C. Esp. en Fruticultura) -- CP. Centro de Genética
590 _aALEPH
_b10
_c20130110
_lUCH01
_h1252
590 _aBATCH-UPD
_b10
_c20130110
_lUCH01
_h1640
590 _aBATCH-UPD
_b10
_c20130410
_lUCH01
_h1031
590 _aBATCH-UPD
_b10
_c20130914
_lUCH01
_h1109
590 _aCONVERSION
_b10
_c20130109
_lUCH01
_h1317
650 1 4 _aNaranja
_xFisiología y morfología.
_980162
650 1 4 _aPlantas
_xCrecimiento
_xAditivos.
_988804
901 _aBK
942 _cFOLL
949 _bBC
_cTES
_d-82760
_eTS1
_i35828
_si
949 _bBC
_cTES
_d-82761
_eTS2
_fc.2
_i35828
_si
999 _c30744
_d30744